LEADER 01918nam a2200373 u 4500 001 000000005196 003 CaOOAMICUS 005 20070226104732.0 008 940514s1981 it u000 u ita u 020 $a8821300331 (v. 1) :$cL25000 020 $a8821310034X (v. 2) :$cL20000 035 $a10137271 040 $aDLC$bita$cDLC$dDLC 082 00$a377/.82/09$219 245 00$aEsperienze di pedagogia cristiana nella storia /$ca cura di Pietro Braido. 260 $aRoma :$bLAS,$cc1981. 300 $a2 v. ;$c24 cm 490 1 $aPubblicazioni della Facoltà di scienze dell'educazione dell'Università Pontificia salesiana di Roma.$aEnciclopedia delle scienze dell'educazione ;$v25-26 504 $aIncludes bibliographies and indexes. 505 0 $av. 1. Sec. IV-XVII -- v. 2. Sec. XVII-XIX. 650 0$aChristian education$xHistory.$2//eng$0(OLS)http://pul/subject/4598 700 1 $aBraido, Pietro.$0(OLS)http://pul/name/5416 830 0$aPubblicazioni della Facoltà di scienze dell'educazione dell'Università Pontificia salesiana di Roma.$pEnciclopedia delle scienze dell'educazione ;$v25-26.$0(OLS)http://pul/title/3064 850 $aPUL 852 $aPUL$W1$xSL Religione 1$y3$m40 L 14-15$j7279$nBK-PRI$b $qStampati$B7279$CPULBib$Z2$F7279 $H $81 852 $aPUL$W1$xSL Religione 1$y3$m40 L 14-15$j7279$nBK-PRI$b $qStampati$B7280$CPULBib$Z2$F7280 $H $81 941 1 $a8 961 $aINV: 49417 - 49418 961 $aINV: 49417 - 49418 996 $6020$a8821300331 (v. 1) :$cL25000$9(OLS)http://pul/number/6788 996 $6020$a8821310034X (v. 2) :$cL20000$9(OLS)http://pul/number/6789 996 $6082$a377/.82/09$219$9(OLS)http://pul/classification/118 996 $6245$aEsperienze di pedagogia cristiana nella storia$9(OLS)http://pul/title/7602 996 $6260$aRoma :$bLAS$9(OLS)http://pul/publisher/48069 LEADER 01392nam a2200265 a 4500 001 000000140761 003 CaOOAMICUS 005 20150916120319.0 008 141204s1997 it u000 u ita r 040 $aPUL$bita 100 1 $aCoccolini, Giacomo.$0(OLS)http://pul/name/80763 245 10$aSul crinale di un'epoca :$bil nostro moderno postmoderno /$cGiacomo Coccolini ; con il saggio introduttivo di Angelo Marchesi "Quale metafisica nell'odierno orizzonte storico?". 260 $a[S.l.] :$bGiorgio Barghigiani$g1997 300 $a143 p. ;$c21 cm 490 1 $aQuaestiones del Centro Studi Tomistici. Percorsi della conoscenza ;$v03 504 $aBibliografia in nota. 650 4$aMetafisica.$0(OLS)http://pul/subject/433 700 1 $aMarchesi, Angelo.$tQuale metafisica nell'odierno orizzonte storico?.$0(OLS)http://pul/nameTitle/1837$0(OLS)http://pul/name/63859$0(OLS)http://pul/title/178105 830 0$aQuaestiones del Centro Studi Tomistici.$pPercorsi della conoscenza ;$v03.$0(OLS)http://pul/title/178106 850 $aPUL 852 $aPUL$W1$xDP1 Fondo Capitani$y116$m2 A 42$j106614$qFondi$B162123$CPULBib$Z2$F162123 $HCap1321 $82 941 1 $a1 996 $6245$aSul crinale di un'epoca :$bil nostro moderno postmoderno$9(OLS)http://pul/title/178104 996 $6260$a[S.l.] :$bGiorgio Barghigiani$9(OLS)http://pul/publisher/83025